01554nab a22002657a 4500999001500000003000400015005001700019008004100036040000700077100003100084245015600115260007300271300001500344500004400359505045600403505009000859650003500949650003000984650003201014650003101046650001701077650004301094773013801137942001301275 c5456d5456OSt20251023112238.0190603e xxum|||| |||| 00| 0 spa d cPJ 95463aDepetris, Carlos E. 10aReparación integral del daño, igualdad y seguridad jurídica. Una armonización necesaria para reducir decisiones ruidosas /cCarlos E. Depetris. cCiudad Autónoma de Buenos Aires :aThomson Reuters La Ley, b2025. ap. 153-168 aCita Online: TR LALEY AR/DOC/424/2025.  aSumario: I. Introducción.— II. Precisiones básicas sobre los principios.— III. Los principios de reparación plena, de igualdad y de seguridad jurídica.— IV. La necesaria armonización de principios en las decisiones sobre daños.— V. El deber de armonizar y ponderar principios en pugna para la determinación del resarcimiento.— VI. Conclusión. Acciones posibles frente al problema desde la mirada de los principios en juego.  t¿Te interesa el texto completo? Solicitalo al correo: koha@justierradelfuego.gov.ar  091497aCODIGO CIVIL Y COMERCIAL 094077aREPARACION INTEGRAL 091467aRESPONSABILIDAD CIVIL 091237aIGUALDAD ANTE LA LEY 091146aJUECES 091676aPRINCIPIOS GENERALES DEL DERECHO0 0271393170dCiudad Autónoma de Buenos Aires : Thomson Reuters La Ley, 2015-tRevista Código Civil y Comercial. Nº 2 - Abril 2025 2udccANA